| 000 | 01458cam a22003735a 4500 | ||
|---|---|---|---|
| 001 | 11966200 | ||
| 003 | OSt | ||
| 005 | 20161128114435.0 | ||
| 008 | 000406s2001 nyua frb 001 0 eng | ||
| 010 | _a 00039275 | ||
| 020 | _a0471322822 (cloth : alk. paper) | ||
| 020 | _a9780471322825 | ||
| 040 |
_aDLC _cDLC _dEG-ScBUE _beng |
||
| 042 | _apcc | ||
| 050 | 0 | 0 |
_aTK5103.2. _bPOZ |
| 082 | 0 | 4 |
_a621.382 _bPOZ _222 |
| 100 | 1 |
_aPozar, David M. _98966 |
|
| 245 | 1 | 0 |
_aMicrowave and RF Design of Wireless Systems / _cDavid M. Pozar. |
| 260 |
_aNew York : _bJohn Wiley& Sons , _cc.2001. |
||
| 300 |
_axii, 366 p. : _bill. ; _c26 cm. |
||
| 500 | _aIndex : p. 363-366. | ||
| 500 | _aAppendix : p. 357-362. | ||
| 590 | _aMenna Elemam | ||
| 650 | 0 |
_aWireless communication systems. _98967 _2BUEsh |
|
| 650 | 0 |
_aRadio frequency. _98969 _2BUEsh |
|
| 650 | 0 |
_aMobile communication systems. _98970 _2BUEsh |
|
| 651 | _2BUEsh | ||
| 653 |
_bENGGEN _cAugust2015 |
||
| 650 | 0 |
_98968 _aMicrowave communication systems _2BUEsh |
|
| 856 | 4 | 2 |
_3Publisher description _uhttp://www.loc.gov/catdir/description/wiley034/00039275.html |
| 856 | 4 |
_3Table of Contents _uhttp://www.loc.gov/catdir/toc/onix05/00039275.html |
|
| 942 |
_2ddc _cBB _k621.382 POZ |
||
| 999 |
_c12815 _d12815 |
||